| 000 | 00778nam a2200205Ia 4500 | ||
|---|---|---|---|
| 003 | CO-CtgCURN | ||
| 005 | 20250409210216.0 | ||
| 008 | 190724s9999 xx 000 0 und d | ||
| 040 |
_aCO-CtgCURN _bspa _ccoctgcurn |
||
| 082 |
_a370.986 _bB142e |
||
| 100 | _aBaez Ramirez, Javier Eduardo | ||
| 245 | 0 |
_aLa educación basica y media en la Costa Caribe / _cJavier Eduardo Baez Ramire, Gustavo Duncan Cruz |
|
| 260 |
_aCartagena de Indias, Bolívar : _bUniversidad Jorge Tadeo Lozano, _c1998 |
||
| 300 |
_a111 páginas ; _c24 centímetros |
||
| 521 | _aAREA SOCIOHUMANISTICA | ||
| 590 | _aTodos los programas académicos | ||
| 650 |
_aeducación _zColombia |
||
| 942 |
_cBK _h370.986 _iB142e |
||
| 999 |
_c29966 _d29966 |
||